Southville International School and Colleges
Your cart is empty.
  • Cart
  • Lists
    Public lists Eva Luna New books Lux_list list_1
    Your lists Log in to create your own lists
  • Log in to your account
  • Your cookies
  • Search history
Southville International School and Colleges
  • Advanced search
  • Recent comments
  • Most popular
  • Libraries

Log in to your account

Log in with GOOGLE


If you do not have an external account, but do have a local account, you can still log in:

  1. Home
  2. MARC view: The Cold War :
Normal view MARC view ISBD view

The Cold War : (Record no. 8825)

[ view plain ]
MARC details
000 -LEADER
fixed length control field 01214pam a2200325 a 4500
001 - CONTROL NUMBER
control field 2613472
003 - CONTROL NUMBER IDENTIFIER
control field OSt
005 - DATE AND TIME OF LATEST TRANSACTION
control field 20140310182043.0
008 - FIXED-LENGTH DATA ELEMENTS--GENERAL INFORMATION
fixed length control field 980226s1999 nju 000 0 eng
010 ## - LIBRARY OF CONGRESS CONTROL NUMBER
LC control number 98003451
020 ## - INTERNATIONAL STANDARD BOOK NUMBER
International Standard Book Number 0137612893
040 ## - CATALOGING SOURCE
Original cataloging agency DLC
Transcribing agency DLC
Modifying agency DLC
050 00 - LIBRARY OF CONGRESS CALL NUMBER
Classification number D 839.3
Item number .C57 1999
082 00 - DEWEY DECIMAL CLASSIFICATION NUMBER
Classification number 909.82/5
100 ## - MAIN ENTRY--PERSONAL NAME
Personal name Judge, Edward H.
9 (RLIN) 11363
245 04 - TITLE STATEMENT
Title The Cold War :
Remainder of title a history through documents /
Statement of responsibility, etc compiled and edited by Edward H. Judge, John W. Langdon.
260 ## - PUBLICATION, DISTRIBUTION, ETC. (IMPRINT)
Place of publication, distribution, etc Upper Saddle River, N.J. :
Name of publisher, distributor, etc Prentice Hall,
Date of publication, distribution, etc c1999.
300 ## - PHYSICAL DESCRIPTION
Extent 263 p. ;
Dimensions 24 cm.
500 ## - GENERAL NOTE
General note A collection of more than 130 speeches, agreements, messages, declarations, etc. edited, excerpted, and arranged in chronological order.
650 #0 - SUBJECT ADDED ENTRY--TOPICAL TERM
Topical term or geographic name as entry element Cold War
General subdivision Sources.
9 (RLIN) 11364
650 #0 - SUBJECT ADDED ENTRY--TOPICAL TERM
Topical term or geographic name as entry element World politics
Chronological subdivision 1945-1989
Form subdivision Sources.
9 (RLIN) 11365
650 #0 - SUBJECT ADDED ENTRY--TOPICAL TERM
Topical term or geographic name as entry element World politics
Chronological subdivision 1985-1995
Form subdivision Sources.
9 (RLIN) 11366
700 1# - ADDED ENTRY--PERSONAL NAME
Personal name Judge, Edward H.
9 (RLIN) 11367
700 1# - ADDED ENTRY--PERSONAL NAME
Personal name Langdon, John W.
9 (RLIN) 11368
906 ## - LOCAL DATA ELEMENT F, LDF (RLIN)
a 7
b cbc
c orignew
d 1
e ocip
f 19
g y-gencatlg
942 ## - ADDED ENTRY ELEMENTS (KOHA)
Source of classification or shelving scheme Library of Congress Classification
Koha item type
Holdings
Withdrawn status Lost status Source of classification or shelving scheme Damaged status Home library Current library Shelving location Date acquired Total Checkouts Full call number Barcode Date last seen Date checked out Copy number Price effective from Koha item type
    Library of Congress Classification   Luxembourg Library Luxembourg Library High School Section 08/16/2013 1 D 839.3 .C57 1999 13974 06/20/2017 06/14/2017 1 08/16/2013 Books
    Library of Congress Classification   Luxembourg Library Luxembourg Library High School Section 08/16/2013 3 D 839.3 .C57 1999 13975 10/20/2025 10/16/2025 1 08/16/2013 Books

The Cold War :

APA

Judge E. H., Judge E. H. & Langdon J. W. (1999). The Cold War. Upper Saddle River, N.J: Prentice Hall.

Chicago

Judge Edward H, Judge Edward H and Langdon John W. 1999. The Cold War. Upper Saddle River, N.J: Prentice Hall.

Harvard

Judge E. H., Judge E. H. and Langdon J. W. (1999). The Cold War. Upper Saddle River, N.J: Prentice Hall.

MLA

Judge Edward H, Judge Edward H and Langdon John W. The Cold War. Upper Saddle River, N.J: Prentice Hall. 1999.

  • Place hold
  • Print
  • Cite
  • Add to your cart (remove)
  • Save record
    BIBTEX Dublin Core MARCXML MARC (non-Unicode/MARC-8) MARC (Unicode/UTF-8) MARC (Unicode/UTF-8, Standard) MODS (XML) RIS
  • More searches
    Search for this title in:
    Other Libraries (WorldCat) Other Databases (Google Scholar) Online Stores (Bookfinder.com) Open Library (openlibrary.org)

Exporting to Dublin Core...

SOUTHVILLE LIBRARY

Southville International School and Colleges Library

1281 Tropical Ave. Cor. Luxembourg St., BF Homes International, Las Pinas City

Tel. No. 8256374 / 252358 Loc. 117/146

Powered by Koha